Statistiques concernant Les amoureux célèbres dans l'histoire - mythe ou réalité

Cliquez ici pour prendre le quiz!

Statistiques générales

  • Ce quiz a été pris 241 fois
  • Le résultat moyen est 9 sur 13

Statistiques - réponses

PremierSecond% Correct
RomeoJuliette
98%
AdamEve
96%
Pierre CurieMarie
92%
TarzanJane
89%
BonnieClyde
88%
QuasimodoEsmeralda
87%
TristanIseut
83%
GainsbourgBirkin
63%
SamsonDalila
46%
MontandSignoret
43%
Auguste RodinCamille Claudel
40%
AntoineCléopâtre
37%
Juliette DrouetVictor Hugo
21%

Distribution des résultats

Percentile par nombre de réponses

% des personnes avec chaque résultat

Votre développement - résultats

Vous n’avez pas pris ce quiz